000 00365nam a22001217a 4500
082 _a954
100 _aDahiya, Poonam Dalal
_981929
245 _aAncient and medieval India
_bFor UPSC and State civil services examination
250 _aSecond Edition
260 _aIndia Private Limited
_bMC Graw Hill Education
_c2023
650 _aIndian History
_9227
942 _cBK
999 _c66155
_d66155